| 000 | 00675na a2200241 4500 | ||
|---|---|---|---|
| 001 | 14116 | ||
| 003 | MIRAKIL | ||
| 005 | 20181213154923.0 | ||
| 008 | 161102b tu 000 0 | ||
| 020 | _a9757416142 | ||
| 035 | _a14116 | ||
| 040 |
_aMilas _btur _cTR-AnCHP |
||
| 082 |
_a920.7 Akyol,M. _bA49h 1993 |
||
| 090 | _a920.7 Akyol,M. A49h 1993 | ||
| 100 | _aAkyol, Mete | ||
| 245 |
_aHem yaşadım hem de yazdım _cMete Akyol |
||
| 260 |
_aİstanbul _bYılmaz Yayınları _c1993 |
||
| 300 |
_a248 s. _bres. _c19 sm. |
||
| 600 |
_aAkyol, Mete _d1935- _xAnılar |
||
| 650 |
_aGazeteciler _xAnılar |
||
| 650 |
_aSiyasal yaşam _xAnılar _zTürkiye |
||
| 942 |
_2ddc _cBKS |
||
| 999 |
_c3171 _d3171 |
||